| 000 | 00611nam a2200205 i 4500 | ||
|---|---|---|---|
| 001 | bgj | ||
| 245 | 1 | 0 |
_aFortschreiben : _b98 Autoren der deutschen Schweiz / _cHerausgegeben von Dieter Bachmann. |
| 260 |
_aZürich : _bArtemis Verlag, _c1977. |
||
| 300 |
_a[543] S. ; _c21 cm. |
||
| 490 | 1 | _aBuchclub Ex Libris Zürich | |
| 504 | _a[Bibliographie S. 514-534]. | ||
| 650 | 9 | _aSchweize Literatur | |
| 650 | 9 | _aSchöne Literatur | |
| 700 | 1 |
_aBACHMAN, Dieter. _eHrsg. |
|
| 830 | _aBuchclub Ex Libris Zürich | ||
| 040 | _cBPK | ||
| 041 | 0 | _ager | |
| 942 | _cKS | ||
| 008 | s gw f |000 0 ger | ||
| 999 |
_c50342 _d50342 |
||
| 856 |
_uhttp://koha.tu.koszalin.pl/cgi-bin/koha/opac-detail.pl?biblionumber=50342 _yKatalog online BPK |
||